NLSUI OPAC header image

American Government : (Record no. 571)

MARC details
000 -LEADER
fixed length control field 00603pam a2200193 i 4500
001 - CONTROL NUMBER
control field 3245425
005 - DATE AND TIME OF LATEST TRANSACTION
control field 20260422075922.0
008 - FIXED-LENGTH DATA ELEMENTS--GENERAL INFORMATION
fixed length control field 801218s1981 maua b 001 0 eng
010 ## - LIBRARY OF CONGRESS CONTROL NUMBER
LC control number 80028356
020 ## - INTERNATIONAL STANDARD BOOK NUMBER
International Standard Book Number 0876260237
082 00 - DEWEY DECIMAL CLASSIFICATION NUMBER
Classification number 320.973 ARN
100 1# - MAIN ENTRY--PERSONAL NAME
Personal name Aranson, Peter H.,
Dates associated with a name 1943-
245 10 - TITLE STATEMENT
Title American Government :
Remainder of title strategy and choice /
Statement of responsibility, etc. Peter H. Aranson.
260 ## - PUBLICATION, DISTRIBUTION, ETC.
Place of publication, distribution, etc. Cambridge, Mass. :
Name of publisher, distributor, etc. Winthrop Publishers,
Date of publication, distribution, etc. c1981.
300 ## - PHYSICAL DESCRIPTION
Extent xiii, 689 p. :
Other physical details ill. ;
Dimensions 24 cm.
650 #0 - SUBJECT ADDED ENTRY--TOPICAL TERM
Topical term or geographic name entry element Political science
General subdivision Decision making.
651 #0 - SUBJECT ADDED ENTRY--GEOGRAPHIC NAME
Geographic name United States
General subdivision Politics and government.
942 ## - ADDED ENTRY ELEMENTS (KOHA)
Source of classification or shelving scheme Dewey Decimal Classification
Koha item type BOOKs
Holdings
Withdrawn status Lost status Damaged status Not for loan Home library Current library Shelving location Date acquired Total Checkouts Full call number Barcode Date last seen Price effective from Koha item type
        . .   30.05.2017   320.973 ARN 589 30.05.2017 30.05.2017 BOOKs